| 000 | 01947cam a22003371i 4500 | ||
|---|---|---|---|
| 003 | SA-RiAUC | ||
| 005 | 20240925134645.0 | ||
| 008 | 240919s1998 ua g 000 0 ara c | ||
| 040 |
_aSD-OmOIU _bara _cSA-RiAUC _erda |
||
| 082 | 0 | 4 |
_a.1415 _qSA-RiAUC |
| 090 |
_a415.1 _bص ب ا |
||
| 100 | 1 |
_aالصبان، محمد بن علي الصبان، _dتوفي 1206 هجري _eمؤلف. |
|
| 245 | 1 | 0 |
_aحاشية الصبان على شرح الأشموني على ألفية ابن مالك / _cلأبي العرفان محمد بن علي الصبان. ومعه، شرح الشواهد / للعيني. |
| 264 | 1 |
_aالقاهرة : _bدار إحياء الكتب العربية، |
|
| 300 |
_a4 مجلد ؛ _c30 سم |
||
| 336 |
_aنص _btxt _2rdacontent _3كتاب |
||
| 337 |
_aبدون وسيط _bn _2rdamedia |
||
| 338 |
_aمجلد _bnc _2rdacarrier |
||
| 650 | 7 |
_aاللغة العربية _xنحو _2aucsh |
|
| 650 | 7 |
_aاللغة العربية _xصرف _2aucsh |
|
| 700 | 1 | 2 |
_aالأشموني، علي بن محمد بن عيسى، _d838-900 هجري. _tمنهج السالك إلى ألفية ابن مالك. |
| 700 | 1 | 2 |
_aابن مالك، محمد بن عبد الله، _d600-672 هجري. _tألفية ابن مالك. |
| 700 | 1 | 2 |
_aبدر الدين العيني، محمود بن أحمد بن موسى، _d762-855 هجري. _tالمقاصد النحوية في شرح شواهد شروح الألفية. |
| 740 | 0 | 2 | _aشرح الأشموني على ألفية ابن مالك، المسمى، منهج السالك إلى ألفية ابن مالك. |
| 740 | 0 | 2 | _aمنهج السالك إلى ألفية ابن مالك. |
| 740 | 0 | 2 | _aألفية ابن مالك في النحو والصرف. |
| 740 | 2 | 2 | _aالمقاصد النحوية في شرح شواهد شروح الألفية، المسمى، شرح الشواهد. |
| 740 | 0 | 2 | _aشرح الشواهد. |
| 942 |
_2ddc _cBOOK |
||
| 949 |
_aSA-JeALM _d240919 _umohamedma123 _n1 |
||
| 999 |
_c440 _d440 |
||